GRP technology (Record no. 23352)

MARC details
000 -LEADER
fixed length control field 00371nam a2200157Ia 4500
082 ## - DEWEY DECIMAL CLASSIFICATION NUMBER
Classification number 678.067.5
Item number PEN
100 ## - MAIN ENTRY--AUTHOR NAME
Personal name Penn, W S
245 #0 - TITLE STATEMENT
Title GRP technology
260 ## - PUBLICATION, DISTRIBUTION, ETC. (IMPRINT)
Place of publication London
Name of publisher Maclaren
Year of publication 1966
650 ## - SUBJECT ADDED ENTRY--TOPICAL TERM
Topical Term Accelerators
650 ## - SUBJECT ADDED ENTRY--TOPICAL TERM
Topical Term Glass Reinforced Plastics
650 ## - SUBJECT ADDED ENTRY--TOPICAL TERM
Topical Term Moulds
650 ## - SUBJECT ADDED ENTRY--TOPICAL TERM
Topical Term Resins
942 ## - ADDED ENTRY ELEMENTS (KOHA)
Koha item type Books
Holdings
Withdrawn status Lost status Damaged status Not for loan Home library Current library Date acquired Cost, normal purchase price Full call number Accession Number Koha item type
        RRII Library RRII Library 16/12/2021 119.40 678.067.5 PEN 04052 Books